000 01511nam a2200217Ia 4500
003 Ost
005 20260507075630.0
008 260507s9999||||xx |||||||||||||| ||und||
020 _a9789947782255
040 _cfsecg
041 _aara
082 _a339
100 _aضيف، أحمد
_eمؤلف
245 0 _aمدخل للاقتصاد الكلي: دروس وتمارين محلولة /
_c أحمد ضيف
260 _aالجزائر:
_bالنشر الجامعي الجديد,
_c2021
300 _a404 صفحة؛
_bمخططات ومنحنيات بيانية
_c24 سم
504 _aمراجع ص.399-404
520 _aمدخل للاقتصاد الكلي وموضوعاته الأساسية مع بناء النماذج الاقتصادية الكلية، والنشاط الاقتصادي وطرق قياسه، كذلك التوازن الاقتصادي الكلي وفق النظرية الكلاسيكية، ووفق النموذج الكنزي في اقتصاد مغلق خاص، أيضا التوازن الاقتصادي وفق النموذج الكنزي في اقتصاد مغلق ومفتوح، والتوازن الآني لسوق السلع وسوق النقود نموذج IS-LM مع نموذج العرض الكلي والطلب الكلي، بالاضافة الى النظريات الاقتصادية الكلية المعاصرة للنظرية الكينزية وما بعدها، والدورات الاقتصادية.
653 _aالاقتصاد الكلي
942 _cكتاب
999 _c45187
_d45187